000 00399nam a2200145Ia 4500
008 150610s9999 xx 000 0 und d
020 _a0440403278 
050 _aPZ7
_b .L921 1990 
100 _aLowry, Lois
245 _aNumber the stars /
_cLois Lowry.
260 _aNew York :
_bDell Publishing, 
_c1990.
300 _a137pages ;
_c20 cm.
520 _aFiction.
650 _aDenmark
_xFiction.
999 _c287916
_d287916